| 000 | 00694nam a22002297a 4500 | ||
|---|---|---|---|
| 999 |
_c15734 _d15734 |
||
| 003 | AR-CdUCM | ||
| 008 | 190429b ||||| |||| 00| 0 spa d | ||
| 040 |
_aMUNICIPALIDAD PROVINCIAL DEL CUSCO _cBIBLIOTECA MUNICIPAL DEL CUSCO |
||
| 082 |
_aEP / 803 / _bV47 |
||
| 100 |
_aVera Maldonado, Edith _934914 |
||
| 245 | _aSumaq Yachaykuna / | ||
| 260 |
_aLima : _bEl Comercio, _c2010. |
||
| 300 |
_a11 páginas ; _bilustraciones, _c21 cm. |
||
| 500 | _aTexto en Quechua. | ||
| 650 |
_aLiteratura _983 |
||
| 650 |
_aCuentos infantiles _93927 |
||
| 650 |
_aTexto infantiles _934915 |
||
| 710 |
_aOPS - UNFRA _934916 |
||
| 710 |
_aUNICEF. _99438 |
||
| 942 |
_2ddc _cLIBROS |
||
| 945 |
_aachl _d2019-04-29 |
||